000 00683cab a2200229 4500
001 WB2350-10
008 090401t1987 xxu||||| |||| 00| 0 eng d
035 _a(Sirsi) u72897
041 _aeng
245 _aAbbeystead consultant blamed
260 _c1987
350 _a0
490 _aNew Civil Engineer
_vno 769 10/12/87 p8
520 _aThe CA alleged the primary cause of the disaster at Abbeystead water works , lay in the incorrect design of the valve house.
650 _aBINNIE AND PARTNERS
650 _aCONSULTING ENGINEERS
650 _aNEGLIGENCE
650 _aNORTH WEST WATER AUTHORITY
690 _aBUILT ENVIRONMENT
942 _n0
948 _c04/03/1997
999 _c46074
_d46074